000
00208nam a22000857a 4500
008
161217b xxu||||| |||| 00| 0 eng d
100
_9
2105
_a
CBSE
245
_a
sCIENCE sAMPLE Q.P X
260
_a
New Delhi
_b
CBSE
_c
2011
999
_c
4989
_d
4989